[Event "25. Open Pula 2011"]
[Site "Pula CRO"]
[Date "2011.06.21"]
[Round "4.11"]
[White "Tomazini, Zan"]
[Black "Bellia, Fabrizio"]
[Result "0-1"]
[WhiteElo "2250"]
[BlackElo "2415"]
[PlyCount "76"]
[EventDate "2011.06.18"]
[EventType "swiss"]
[EventRounds "9"]
[EventCountry "CRO"]
[Source "lmi"]
[SourceDate "2011.06.18"]

1. e4 e5 2. Nf3 Nc6 3. d4 exd4 4. Nxd4 Nf6 5. Nxc6 bxc6 6. e5 Qe7 7. Qe2 Nd5 8.
c4 Ba6 9. b3 g6 10. f4 d6 11. Qf2 Nf6 12. Bb2 Bg7 13. Be2 dxe5 14. fxe5 Nd7 15.
O-O Bxe5 16. Bxe5 Nxe5 17. Nc3 O-O 18. Ne4 f5 19. Nc5 Bc8 20. Rae1 Qf6 21. Kh1
a5 22. Bf3 a4 23. Rxe5 Qxe5 24. Bxc6 Rb8 25. Re1 Qf6 26. Bd5+ Kh8 27. Nxa4 c6
28. Bf3 g5 29. g3 f4 30. gxf4 Qxf4 31. Qb2+ Kg8 32. Bxc6 Bb7 33. Qg2 Bxc6 34.
Qxc6 Rbe8 35. Qd5+ Kh8 36. Qd1 Qf2 37. Rg1 Re2 38. Qd6 Qf3+ 0-1

[Event "25. Open Pula 2011"]
[Site "Pula CRO"]
[Date "2011.06.21"]
[Round "4.12"]
[White "Mencinger, Vojko"]
[Black "Blazeka, Matej"]
[Result "1-0"]
[WhiteElo "2399"]
[BlackElo "2191"]
[PlyCount "63"]
[EventDate "2011.06.18"]
[EventType "swiss"]
[EventRounds "9"]
[EventCountry "CRO"]
[Source "lmi"]
[SourceDate "2011.06.18"]

1. e4 e5 2. Nf3 Nc6 3. Bb5 a6 4. Ba4 Nf6 5. Qe2 b5 6. Bb3 Be7 7. c3 d6 8. O-O
O-O 9. d4 exd4 10. cxd4 Bg4 11. Rd1 d5 12. e5 Ne4 13. Nc3 Nxc3 14. bxc3 Na5 15.
Bc2 Nc4 16. h3 Bd7 17. Nh2 Qc8 18. Qf3 c6 19. Ng4 f5 20. exf6 Bxg4 21. hxg4
Rxf6 22. Qh3 g6 23. Bh6 Bf8 24. Re1 Bxh6 25. Qxh6 Qf8 26. Qh4 Qf7 27. f3 Kg7
28. f4 Nd6 29. Re5 Re8 30. Rae1 Rxf4 31. Rxe8 Nxe8 32. Re7 1-0

[Event "25. Open Pula 2011"]
[Site "Pula CRO"]
[Date "2011.06.21"]
[Round "4.13"]
[White "Raguz, Dario"]
[Black "Skytte, Rasmus"]
[Result "1/2-1/2"]
[WhiteElo "2196"]
[BlackElo "2399"]
[PlyCount "76"]
[EventDate "2011.06.18"]
[EventType "swiss"]
[EventRounds "9"]
[EventCountry "CRO"]
[Source "lmi"]
[SourceDate "2011.06.18"]

1. Nf3 Nf6 2. g3 d5 3. Bg2 Bf5 4. O-O e6 5. d3 h6 6. Nbd2 Be7 7. Qe1 O-O 8. e4
Bh7 9. Qe2 c5 10. b3 Nc6 11. Bb2 Qc7 12. e5 Nd7 13. a3 a5 14. a4 Rae8 15. Nb1
f6 16. exf6 Bxf6 17. Bxf6 Nxf6 18. Na3 e5 19. Nb5 Qd7 20. Nd2 Kh8 21. c3 Bf5
22. Rae1 Bg4 23. f3 Bf5 24. g4 Bg6 25. h3 b6 26. Rf2 d4 27. c4 Nb4 28. Ne4 Nxe4
29. fxe4 Rxf2 30. Kxf2 Nc6 31. Kg1 Nd8 32. Rf1 Ne6 33. Rf2 Nf4 34. Qf3 h5 35.
Bf1 Qe7 36. Qg3 Rf8 37. g5 Be8 38. Na3 Bd7 1/2-1/2

[Event "25. Open Pula 2011"]
[Site "Pula CRO"]
[Date "2011.06.21"]
[Round "4.15"]
[White "Kopinits, Anna Christina"]
[Black "Shengelia, Davit"]
[Result "0-1"]
[WhiteElo "2258"]
[BlackElo "2511"]
[PlyCount "44"]
[EventDate "2011.06.18"]
[EventType "swiss"]
[EventRounds "9"]
[EventCountry "CRO"]
[Source "lmi"]
[SourceDate "2011.06.18"]

1. e4 Nc6 2. d4 d6 3. Bb5 a6 4. Bxc6+ bxc6 5. Nf3 Nf6 6. e5 dxe5 7. Nxe5 Bb7 8.
O-O e6 9. c3 Be7 10. Nd2 c5 11. Qa4+ Kf8 12. dxc5 Bxc5 13. Ndf3 h6 14. Re1 Qe8
15. Qa5 Bd6 16. c4 Nd7 17. b3 Nxe5 18. Nxe5 f6 19. Ng4 Qg6 20. Ne3 Kg8 21. Ba3
Bf4 22. Qd2 Bxg2 0-1

[Event "25. Open Pula 2011"]
[Site "Pula CRO"]
[Date "2011.06.21"]
[Round "4.16"]
[White "Schneider, Veronika"]
[Black "Jovanic, Ognjen"]
[Result "1/2-1/2"]
[WhiteElo "2251"]
[BlackElo "2479"]
[PlyCount "93"]
[EventDate "2011.06.18"]
[EventType "swiss"]
[EventRounds "9"]
[EventCountry "CRO"]
[Source "lmi"]
[SourceDate "2011.06.18"]

1. e4 e5 2. Nf3 Nc6 3. d4 exd4 4. Nxd4 Nf6 5. Nxc6 bxc6 6. e5 Qe7 7. Qe2 Nd5 8.
c4 Nb6 9. Nc3 Qe6 10. Qe4 g6 11. Bd2 Ba6 12. b3 Bg7 13. c5 Bxf1 14. Rxf1 Nd5
15. f4 O-O 16. O-O-O f6 17. Be1 Nxc3 18. Bxc3 fxe5 19. Bxe5 Rae8 20. Rfe1 Bxe5
21. Qxe5 Qxe5 22. Rxe5 Rxe5 23. fxe5 Rf7 24. Kc2 Kf8 25. Rd2 Ke7 26. Kc3 Ke6
27. Re2 Rf5 28. Kd4 a5 29. g3 Rf1 30. a4 Rd1+ 31. Kc4 g5 32. b4 axb4 33. Kxb4
Rd4+ 34. Kc3 Kd5 35. Rc2 Rd1 36. Kb2 Re1 37. a5 Rxe5 38. a6 d6 39. Kb3 Re8 40.
Kb4 Rb8+ 41. Ka5 Rb5+ 42. Ka4 Rb8 43. Ka5 Rb1 44. Ra2 Rb5+ 45. Ka4 Rb8 46. Ka5
Rb5+ 47. Ka4 1/2-1/2

[Event "25. Open Pula 2011"]
[Site "Pula CRO"]
[Date "2011.06.21"]
[Round "4.17"]
[White "Perhinig, Robert"]
[Black "Doric, Darko"]
[Result "0-1"]
[WhiteElo "2240"]
[BlackElo "2456"]
[PlyCount "110"]
[EventDate "2011.06.18"]
[EventType "swiss"]
[EventRounds "9"]
[EventCountry "CRO"]
[Source "lmi"]
[SourceDate "2011.06.18"]

1. d4 d5 2. Nf3 c6 3. Bf4 Qb6 4. Qc1 Bf5 5. e3 e6 6. Be2 Nf6 7. O-O Nbd7 8. c4
Nh5 9. Bg3 Nxg3 10. hxg3 h6 11. c5 Qc7 12. b4 a6 13. a4 Be7 14. Nbd2 O-O 15. b5
e5 16. Nb3 Bf6 17. dxe5 Nxe5 18. Nxe5 Bxe5 19. Nd4 Bxd4 20. exd4 axb5 21. axb5
Rxa1 22. Qxa1 Re8 23. b6 Qe7 24. Bf3 Bd3 25. Rd1 Bc4 26. Qc3 g6 27. Ra1 Qf6 28.
Qd2 h5 29. Qf4 Qxf4 30. gxf4 f5 31. g3 Kf7 32. Ra7 Re7 33. Ra3 Re1+ 34. Kg2 Rb1
35. Ra8 Rb4 36. Rd8 Ba6 37. Rd7+ Kf6 38. Rd6+ Kg7 39. Rd7+ Kh6 40. Bxd5 cxd5
41. Rxd5 Bb5 42. Rd6 Rc4 43. f3 Rc2+ 44. Kg1 h4 45. g4 Kg7 46. g5 h3 47. Re6
Rd2 48. d5 Bc4 49. Re7+ Kf8 50. d6 h2+ 51. Kh1 Bd5 52. Re3 Bc6 53. Rc3 Ke8 54.
Re3+ Kd8 55. Ra3 Rf2 0-1

[Event "25. Open Pula 2011"]
[Site "Pula CRO"]
[Date "2011.06.21"]
[Round "4.19"]
[White "Zelbel, Patrick"]
[Black "Tomazini, Aljosa"]
[Result "1-0"]
[WhiteElo "2428"]
[BlackElo "2251"]
[PlyCount "85"]
[EventDate "2011.06.18"]
[EventType "swiss"]
[EventRounds "9"]
[EventCountry "CRO"]
[Source "lmi"]
[SourceDate "2011.06.18"]

1. e4 e5 2. f4 Nc6 3. Nf3 f5 4. exf5 e4 5. Ne5 Nxe5 6. fxe5 Qe7 7. Qh5+ Kd8 8.
d4 exd3 9. Bxd3 Qxe5+ 10. Qe2 Bd6 11. Nd2 Qxe2+ 12. Kxe2 Nf6 13. Ne4 Nxe4 14.
Bxe4 c6 15. Kf3 Be5 16. Bg5+ Kc7 17. Bf4 Bxf4 18. Kxf4 d5 19. Bd3 Bd7 20. Rae1
Kd6 21. g4 Rae8 22. h4 Rxe1 23. Rxe1 Rf8 24. g5 Re8 25. Rxe8 Bxe8 26. f6 g6 27.
h5 Ke6 28. Bxg6 Bxg6 29. hxg6 hxg6 30. b4 b6 31. a4 a6 32. a5 bxa5 33. bxa5 c5
34. f7 Kxf7 35. Ke5 d4 36. Kd5 c4 37. Kxc4 Ke6 38. Kxd4 Kf5 39. c4 Kxg5 40. Ke5
Kh4 41. c5 g5 42. c6 g4 43. c7 1-0

[Event "25. Open Pula 2011"]
[Site "Pula CRO"]
[Date "2011.06.21"]
[Round "4.21"]
[White "Voscilla, Adriano"]
[Black "Mazi, Leon"]
[Result "0-1"]
[WhiteElo "2201"]
[BlackElo "2353"]
[PlyCount "82"]
[EventDate "2011.06.18"]
[EventType "swiss"]
[EventRounds "9"]
[EventCountry "CRO"]
[Source "lmi"]
[SourceDate "2011.06.18"]

1. Nf3 Nf6 2. c4 g6 3. Nc3 Bg7 4. d4 O-O 5. g3 d6 6. Bg2 Nbd7 7. O-O e5 8. b3
Re8 9. e3 c6 10. dxe5 dxe5 11. Bb2 Qc7 12. Ng5 Bf8 13. f4 exf4 14. exf4 Bg7 15.
Qd2 Nc5 16. b4 Rd8 17. Nd5 cxd5 18. Be5 dxc4 19. Qb2 Qb6 20. bxc5 Qxb2 21. Bxb2
h6 22. Ne4 Ne8 23. Bxg7 Kxg7 24. Rab1 b6 25. Nd6 Rb8 26. Nxc4 Ba6 27. Rfc1 bxc5
28. Rxb8 Rxb8 29. Ne5 c4 30. Bd5 Nd6 31. Rc2 Rc8 32. Kf2 Rc5 33. Bg2 c3 34. g4
Bc8 35. h3 Be6 36. Ke3 f6 37. Nc6 Bxa2 38. Kd4 Rc4+ 39. Kd5 Bb3 40. Na5 Bxc2
41. Nxc4 Bb3 0-1

[Event "25. Open Pula 2011"]
[Site "Pula CRO"]
[Date "2011.06.21"]
[Round "4.22"]
[White "Gulbrandsen, Tor"]
[Black "Frank, Paul"]
[Result "1/2-1/2"]
[WhiteElo "2097"]
[BlackElo "2295"]
[PlyCount "79"]
[EventDate "2011.06.18"]
[EventType "swiss"]
[EventRounds "9"]
[EventCountry "CRO"]
[Source "lmi"]
[SourceDate "2011.06.18"]

1. e4 c5 2. c3 g6 3. d4 cxd4 4. Qxd4 Nf6 5. e5 Nc6 6. Qf4 Nd5 7. Qe4 Nc7 8. Nf3
Bg7 9. Bc4 O-O 10. O-O b5 11. Bb3 Bb7 12. Bg5 Ne6 13. Na3 Rb8 14. Qh4 Nxg5 15.
Nxg5 h6 16. Nf3 Na5 17. Bc2 Bxf3 18. gxf3 Bxe5 19. Rfe1 Qc7 20. Re4 d5 21. Rg4
Bg7 22. Kh1 Rb6 23. Rag1 Kh7 24. Nxb5 Qe5 25. f4 Qe2 26. Na3 f5 27. R4g2 d4 28.
b4 Nb7 29. cxd4 Bxd4 30. Bd1 Qxa2 31. Qxe7+ Qf7 32. Qxf7+ Rxf7 33. Bb3 Re7 34.
Nc2 Bc3 35. Ne3 Rxb4 36. Nd5 Rg7 37. Nxb4 Bxb4 38. Be6 Nd6 39. h4 h5 40. f3
1/2-1/2

[Event "25. Open Pula 2011"]
[Site "Pula CRO"]
[Date "2011.06.21"]
[Round "4.24"]
[White "Mihalincic, Tomislav"]
[Black "Gazvoda, Franc"]
[Result "1/2-1/2"]
[WhiteElo "2267"]
[BlackElo "2064"]
[PlyCount "86"]
[EventDate "2011.06.18"]
[EventType "swiss"]
[EventRounds "9"]
[EventCountry "CRO"]
[Source "lmi"]
[SourceDate "2011.06.18"]

1. d4 d5 2. e4 dxe4 3. Nc3 Nf6 4. Bg5 Bg4 5. Qd2 e6 6. Bxf6 Qxf6 7. Nxe4 Qd8 8.
f3 Bf5 9. O-O-O Be7 10. Kb1 c6 11. Ne2 Nd7 12. N2g3 Bg6 13. Bd3 Nf6 14. c3 Nd5
15. f4 O-O 16. Rhf1 b5 17. Ne2 Nf6 18. N2g3 Nd5 19. h3 a5 20. Nc5 Bxc5 21. dxc5
Bxd3+ 22. Qxd3 Qe7 23. Ne4 a4 24. a3 Rad8 25. Nd6 Qf6 26. Qf3 Rd7 27. g4 Qd8
28. Qe4 Qh4 29. Rd3 Qe7 30. Re1 Qf6 31. Rf1 Qe7 32. Ka1 f5 33. Qe5 fxg4 34.
hxg4 Qf6 35. Qe4 Re7 36. Rdf3 Qh4 37. f5 exf5 38. Rxf5 Rf6 39. Qf3 Re1+ 40.
Rxe1 Qxe1+ 41. Ka2 Qe6 42. Kb1 Qe1+ 43. Ka2 Qe6 1/2-1/2

[Event "25. Open Pula 2011"]
[Site "Pula CRO"]
[Date "2011.06.21"]
[Round "4.26"]
[White "Genocchio, Daniele"]
[Black "Shafarostov, Artem"]
[Result "1-0"]
[WhiteElo "2431"]
[BlackElo "2045"]
[PlyCount "98"]
[EventDate "2011.06.18"]
[EventType "swiss"]
[EventRounds "9"]
[EventCountry "CRO"]
[Source "lmi"]
[SourceDate "2011.06.18"]

1. Nf3 Nf6 2. g3 d5 3. Bg2 c6 4. d3 Bg4 5. Nbd2 Nbd7 6. h3 Bh5 7. O-O e5 8. e4
dxe4 9. dxe4 Be7 10. Qe1 Qc7 11. Nh4 O-O-O 12. Nf5 Bf8 13. Nc4 Bg6 14. b4 Nb6
15. Nxb6+ Qxb6 16. a3 Ne8 17. c4 c5 18. b5 Nd6 19. Ne3 Nxe4 20. Ng4 f5 21. Nxe5
Qe6 22. Qa5 Qb6 23. Qe1 Qe6 24. Nxg6 Qxg6 25. Qa5 Qb6 26. Qxb6 axb6 27. g4 Rd4
28. gxf5 Rxc4 29. Re1 Nd6 30. a4 Kd7 31. Bd5 Rh4 32. a5 bxa5 33. Rxa5 Be7 34.
Rxe7+ Kxe7 35. Bg5+ Kd7 36. Bxh4 Nxf5 37. Bg5 Kc7 38. Ra7 Nd6 39. Bd2 Nxb5 40.
Rxb7+ Kd6 41. Bc4 Nd4 42. Bf4+ Kc6 43. Rxg7 Rf8 44. Bg3 Nf3+ 45. Kg2 Nd2 46.
Rc7+ Kb6 47. Bd5 Rf5 48. Rb7+ Ka6 49. Rd7 Kb5 1-0

[Event "25. Open Pula 2011"]
[Site "Pula CRO"]
[Date "2011.06.21"]
[Round "4.28"]
[White "Konic, Zlatko"]
[Black "Somborski, Nebojsa"]
[Result "0-1"]
[WhiteElo "2121"]
[BlackElo "2376"]
[PlyCount "190"]
[EventDate "2011.06.18"]
[EventType "swiss"]
[EventRounds "9"]
[EventCountry "CRO"]
[Source "lmi"]
[SourceDate "2011.06.18"]

1. Nf3 d5 2. d4 Nf6 3. c4 e6 4. Nc3 Be7 5. Bg5 h6 6. Bh4 O-O 7. e3 b6 8. cxd5
Nxd5 9. Bxe7 Qxe7 10. Nxd5 exd5 11. Rc1 Be6 12. Bd3 c5 13. Qc2 Nc6 14. a3 c4
15. Bh7+ Kh8 16. Bf5 b5 17. O-O a5 18. Bxe6 Qxe6 19. Rfe1 f5 20. b3 Rab8 21.
bxc4 bxc4 22. Rb1 Qe4 23. Qxe4 fxe4 24. Nd2 Kg8 25. Kf1 Kf7 26. Ke2 Na7 27.
Rxb8 Rxb8 28. Rb1 Rb5 29. Rxb5 Nxb5 30. Nb1 Ke6 31. Kd2 g5 32. g4 Kd6 33. h3
Kc6 34. Kc2 Nd6 35. Nc3 Nf7 36. Ne2 Kd6 37. Ng3 Ke6 38. Ne2 Nd6 39. Nc3 Nb7 40.
Kb2 Kd6 41. Kc2 Kc6 42. Kb2 Nd8 43. Ne2 Ne6 44. Ng3 Ng7 45. Kc3 Kd6 46. Kb2 Ke6
47. Kc3 Kf6 48. Kb2 Ne6 49. Ne2 Nf8 50. Ng3 Ng6 51. Nf5 Ke6 52. Kc3 Kf6 53. Nd6
Ne7 54. Nb7 Nc6 55. Nd6 Nd8 56. Kc2 Ke6 57. Nf5 Nf7 58. Ng3 Nd6 59. Ne2 Nb5 60.
Kb2 Nc7 61. Kc3 Ne8 62. Ng3 Ng7 63. Kc2 Kf6 64. Kb2 Ne8 65. Kc3 Nd6 66. Kb2 Nf7
67. Kc2 Nh8 68. Kc3 Ng6 69. Nf5 h5 70. Nd6 hxg4 71. hxg4 Ne7 72. Nb7 Nc6 73.
Nd6 Ke6 74. Nf5 Nb8 75. Ng7+ Kd7 76. Nf5 Na6 77. Nh6 Ke6 78. Nf5 Nc7 79. Ng3
Nb5+ 80. Kb2 Nd6 81. Kc3 Kd7 82. Kb2 Ne8 83. Nf1 Nf6 84. Nh2 Kc6 85. a4 Kd6 86.
Kc3 Nd7 87. f4 Nb6 88. fxg5 Nxa4+ 89. Kc2 Ke6 90. Nf1 Kf7 91. Ng3 Kg6 92. Nf5
Nb6 93. Ne7+ Kxg5 94. Nc6 a4 95. Ne5 a3 0-1

[Event "25. Open Pula 2011"]
[Site "Pula CRO"]
[Date "2011.06.21"]
[Round "4.29"]
[White "Exler, Veronika"]
[Black "Szamoskozi, Gabor"]
[Result "1/2-1/2"]
[WhiteElo "2119"]
[BlackElo "2355"]
[PlyCount "65"]
[EventDate "2011.06.18"]
[EventType "swiss"]
[EventRounds "9"]
[EventCountry "CRO"]
[Source "lmi"]
[SourceDate "2011.06.18"]

1. e4 c5 2. c3 d5 3. exd5 Qxd5 4. d4 g6 5. dxc5 Qxc5 6. Be3 Qc7 7. Na3 Nc6 8.
Nb5 Qb8 9. Nf3 Nf6 10. g3 Ng4 11. Bd2 Bg7 12. Bg2 O-O 13. O-O Rd8 14. Qc1 Bf5
15. Re1 Bd3 16. Nbd4 Nxd4 17. Nxd4 e5 18. Nb3 Qc7 19. h3 Nf6 20. Bh6 Bh8 21.
Qe3 e4 22. Bg5 Re8 23. Bxf6 Bxf6 24. Nc5 Rad8 25. Nxe4 Bxe4 26. Bxe4 Be7 27.
Rad1 Rxd1 28. Rxd1 Bc5 29. Qf3 b6 30. Kg2 Kg7 31. Bd5 a5 32. Bc6 Rd8 33. Rxd8
1/2-1/2

[Event "25. Open Pula 2011"]
[Site "Pula CRO"]
[Date "2011.06.21"]
[Round "5.2"]
[White "Fercec, Nenad"]
[Black "Zelcic, Robert"]
[Result "1/2-1/2"]
[WhiteElo "2453"]
[BlackElo "2557"]
[PlyCount "73"]
[EventDate "2011.06.18"]
[EventType "swiss"]
[EventRounds "9"]
[EventCountry "CRO"]
[Source "lmi"]
[SourceDate "2011.06.18"]

1. e4 c6 2. d4 d5 3. Nd2 dxe4 4. Nxe4 Bf5 5. Ng3 Bg6 6. h4 h6 7. Nf3 Nd7 8. h5
Bh7 9. Bd3 Bxd3 10. Qxd3 e6 11. Bd2 Ngf6 12. O-O-O Qc7 13. Qe2 O-O-O 14. Ne5
Nb6 15. Ba5 Rd5 16. Bxb6 axb6 17. c4 Rd8 18. f4 Bd6 19. Ne4 Nxe4 20. Qxe4 c5
21. dxc5 bxc5 22. Rhe1 Rhe8 23. g3 Bxe5 24. fxe5 Rxd1+ 25. Rxd1 Rd8 26. Rxd8+
Qxd8 27. Qe3 Qe7 28. Kc2 Kc7 29. Qa3 Kb8 30. Qa5 f6 31. exf6 gxf6 32. Qd2 Qf8
33. Qd7 e5 34. g4 Ka7 35. Qa4+ Kb6 36. Qd7 Ka7 37. Qa4+ 1/2-1/2

[Event "25. Open Pula 2011"]
[Site "Pula CRO"]
[Date "2011.06.21"]
[Round "5.5"]
[White "Jovanovic, Zoran"]
[Black "Biti, Ozren"]
[Result "1/2-1/2"]
[WhiteElo "2553"]
[BlackElo "2378"]
[PlyCount "94"]
[EventDate "2011.06.18"]
[EventType "swiss"]
[EventRounds "9"]
[EventCountry "CRO"]
[Source "lmi"]
[SourceDate "2011.06.18"]

1. e4 e5 2. Nf3 Nf6 3. Nxe5 d6 4. Nf3 Nxe4 5. d4 d5 6. Bd3 Be7 7. O-O Nd6 8.
Re1 O-O 9. Bf4 c6 10. h3 Re8 11. Nbd2 Be6 12. b3 Nd7 13. c4 Nf6 14. Qc2 h6 15.
Ne5 Nde4 16. c5 Nxd2 17. Qxd2 Bf8 18. b4 Ne4 19. Qc2 Qh4 20. Bh2 Ng5 21. Rad1
Ne4 22. f3 Ng5 23. Qf2 Qxf2+ 24. Kxf2 f6 25. Ng6 Bd7 26. a4 a6 27. Nxf8 Kxf8
28. Bd6+ Kf7 29. h4 Ne6 30. h5 Nf8 31. Rxe8 Rxe8 32. Rb1 Ra8 33. Ke3 Be6 34.
Rb3 Bd7 35. b5 axb5 36. axb5 Ne6 37. bxc6 Bxc6 38. Bg6+ Kg8 39. Rb4 Ra2 40. Rb1
Ra3+ 41. Kf2 Ra2+ 42. Kg3 Nxd4 43. Re1 Ne2+ 44. Kh2 Bb5 45. Rb1 Bc6 46. Re1 Bb5
47. Rb1 Bc6 1/2-1/2

[Event "25. Open Pula 2011"]
[Site "Pula CRO"]
[Date "2011.06.21"]
[Round "5.6"]
[White "Skytte, Rasmus"]
[Black "Popovic, Dusan"]
[Result "1/2-1/2"]
[WhiteElo "2399"]
[BlackElo "2553"]
[PlyCount "26"]
[EventDate "2011.06.18"]
[EventType "swiss"]
[EventRounds "9"]
[EventCountry "CRO"]
[Source "lmi"]
[SourceDate "2011.06.18"]

1. e4 c5 2. c3 d6 3. d4 Nf6 4. Bd3 Qc7 5. Nf3 g6 6. O-O Bg7 7. h3 O-O 8. Re1 e5
9. Na3 a6 10. Nc4 Nbd7 11. dxe5 dxe5 12. a4 b6 13. Bc2 Rd8 1/2-1/2

[Event "25. Open Pula 2011"]
[Site "Pula CRO"]
[Date "2011.06.21"]
[Round "5.7"]
[White "Kuljasevic, Davorin"]
[Black "Bodiroga, Predrag"]
[Result "1/2-1/2"]
[WhiteElo "2537"]
[BlackElo "2384"]
[PlyCount "51"]
[EventDate "2011.06.18"]
[EventType "swiss"]
[EventRounds "9"]
[EventCountry "CRO"]
[Source "lmi"]
[SourceDate "2011.06.18"]

1. d4 d5 2. c4 e6 3. Nc3 Be7 4. Nf3 Nf6 5. Bg5 h6 6. Bxf6 Bxf6 7. Qb3 c6 8. e3
O-O 9. Be2 Nd7 10. O-O b6 11. Rad1 Bb7 12. e4 dxc4 13. Bxc4 Qc7 14. e5 Be7 15.
Rfe1 Rfe8 16. Bd3 Rad8 17. Be4 b5 18. a3 a5 19. Bb1 b4 20. axb4 axb4 21. Qc2 g6
22. Ne4 c5 23. Ba2 Qb6 24. Qd2 Kg7 25. Qf4 Bxe4 26. Rxe4 1/2-1/2

[Event "25. Open Pula 2011"]
[Site "Pula CRO"]
[Date "2011.06.21"]
[Round "5.8"]
[White "Franic, Milan"]
[Black "Antal, Gergely"]
[Result "0-1"]
[WhiteElo "2381"]
[BlackElo "2530"]
[PlyCount "128"]
[EventDate "2011.06.18"]
[EventType "swiss"]
[EventRounds "9"]
[EventCountry "CRO"]
[Source "lmi"]
[SourceDate "2011.06.18"]

1. d4 f5 2. Bg5 c6 3. e3 Qb6 4. b3 g6 5. a4 Bg7 6. a5 Qc7 7. Nf3 Nf6 8. Nbd2
O-O 9. Bc4+ Kh8 10. O-O d6 11. b4 Nd5 12. Qb1 h6 13. Bh4 g5 14. Bg3 b5 15. axb6
Qxb6 16. Qb3 Qc7 17. h3 Nd7 18. Rfe1 Rb8 19. c3 N7b6 20. Bf1 f4 21. exf4 Nxf4
22. Ra5 Bd7 23. Qa3 Nc8 24. Ba6 Ra8 25. c4 Bf5 26. c5 Bg6 27. Nc4 Bh5 28. Bxc8
Qxc8 29. Rxe7 Bxf3 30. Bxf4 Rxf4 31. Nxd6 Qf8 32. Raxa7 Rxa7 33. Rxa7 Bd5 34.
Ra8 Bxd4 35. Rxf8+ Rxf8 36. Qg3 Rf4 37. h4 h5 38. hxg5 Rg4 39. Qh3 Kg8 40. Kf1
Rxg5 41. f3 Be5 42. Qh4 Rg7 43. Qxh5 Bc3 44. Nf5 Ra7 45. Qg6+ Kf8 46. Qd6+ Kf7
47. Kf2 Bxb4 48. Kg3 Bc3 49. Ne3 Be1+ 50. Kf4 Bd2 51. Kf5 Bxe3 52. Qf6+ Kg8 53.
Qg6+ Kf8 54. Qd6+ Re7 55. f4 Bd4 56. g4 Ke8 57. g5 Be4+ 58. Kg4 Bd5 59. Qg6+
Kf8 60. Qd6 Ke8 61. f5 Re4+ 62. Kh5 Be5 63. Qh6 Re2 64. Kg6 Rh2 0-1

[Event "25. Open Pula 2011"]
[Site "Pula CRO"]
[Date "2011.06.21"]
[Round "5.9"]
[White "Shengelia, Davit"]
[Black "Raguz, Dario"]
[Result "1-0"]
[WhiteElo "2511"]
[BlackElo "2196"]
[PlyCount "59"]
[EventDate "2011.06.18"]
[EventType "swiss"]
[EventRounds "9"]
[EventCountry "CRO"]
[Source "lmi"]
[SourceDate "2011.06.18"]

1. d4 d5 2. Nf3 Nc6 3. e3 Bg4 4. Bb5 e6 5. c4 Nge7 6. cxd5 exd5 7. Nc3 a6 8.
Be2 Qd6 9. a3 f5 10. b4 b5 11. O-O Nc8 12. a4 Nxb4 13. Ba3 a5 14. Rc1 Na7 15.
Nxb5 Nxb5 16. Bxb5+ Kd8 17. Bxb4 axb4 18. h3 Bh5 19. g4 Bf7 20. Ne5 Qf6 21. f4
h6 22. Qc2 Bd6 23. Qc6 Ke7 24. Qxc7+ Bxc7 25. Rxc7+ Kf8 26. Nd7+ Ke7 27. Nxf6+
Kxf6 28. Rfc1 Be6 29. R1c6 Rhc8 30. Rxe6+ 1-0

[Event "25. Open Pula 2011"]
[Site "Pula CRO"]
[Date "2011.06.21"]
[Round "5.10"]
[White "Tjomsland, Stig"]
[Black "Saric, Ante"]
[Result "1/2-1/2"]
[WhiteElo "2378"]
[BlackElo "2489"]
[PlyCount "26"]
[EventDate "2011.06.18"]
[EventType "swiss"]
[EventRounds "9"]
[EventCountry "CRO"]
[Source "lmi"]
[SourceDate "2011.06.18"]

1. d4 Nf6 2. c4 e6 3. Nc3 Bb4 4. Qc2 O-O 5. Nf3 c5 6. dxc5 Na6 7. e3 Nxc5 8.
Bd2 b6 9. Be2 Bb7 10. O-O Nce4 11. Nxe4 Bxe4 12. Bd3 Bxd3 13. Qxd3 Bxd2 1/2-1/2

[Event "25. Open Pula 2011"]
[Site "Pula CRO"]
[Date "2011.06.21"]
[Round "5.11"]
[White "Doric, Darko"]
[Black "Vucinic, Gojko"]
[Result "1-0"]
[WhiteElo "2456"]
[BlackElo "2074"]
[PlyCount "97"]
[EventDate "2011.06.18"]
[EventType "swiss"]
[EventRounds "9"]
[EventCountry "CRO"]
[Source "lmi"]
[SourceDate "2011.06.18"]

1. d4 Nf6 2. Nf3 c5 3. d5 b5 4. Bg5 Ne4 5. Bf4 Bb7 6. a4 Qa5+ 7. Nbd2 Bxd5 8.
axb5 Qb6 9. Nxe4 Bxe4 10. Nd2 Bd5 11. e4 Be6 12. Bd3 d6 13. Nc4 Bxc4 14. Bxc4
e6 15. O-O Be7 16. Qg4 O-O 17. Bh6 Bf6 18. Ra3 Nd7 19. f4 Kh8 20. Bg5 Bd4+ 21.
Kh1 Nf6 22. Qe2 d5 23. Bxf6 Bxf6 24. exd5 exd5 25. Bxd5 Rad8 26. c4 Rfe8 27.
Qc2 Re7 28. Ra6 Qb8 29. Qd2 Rde8 30. Bf3 Rd8 31. Qc1 Bd4 32. g3 g6 33. Ra3 Qd6
34. Rd3 Qb6 35. Qd2 Rd6 36. Rd1 Rde6 37. b4 Re3 38. bxc5 Bxc5 39. Qc3+ f6 40.
Bc6 Kg7 41. Rxe3 Bxe3 42. Rd6 Rf7 43. Re6 Bd4 44. Qe1 Qc5 45. Bd5 Rc7 46. Re8
Rc8 47. Re7+ Kh8 48. Qe6 Rf8 49. Qd7 1-0

[Event "25. Open Pula 2011"]
[Site "Pula CRO"]
[Date "2011.06.21"]
[Round "5.12"]
[White "Feletar, Darko"]
[Black "Zelbel, Patrick"]
[Result "1/2-1/2"]
[WhiteElo "2377"]
[BlackElo "2428"]
[PlyCount "29"]
[EventDate "2011.06.18"]
[EventType "swiss"]
[EventRounds "9"]
[EventCountry "CRO"]
[Source "lmi"]
[SourceDate "2011.06.18"]

1. Nf3 g6 2. e4 Bg7 3. d4 c5 4. d5 d6 5. c4 e6 6. Bd3 exd5 7. exd5 Ne7 8. Nc3
O-O 9. O-O h6 10. Bd2 a6 11. a4 Bf5 12. Bxf5 Nxf5 13. Re1 Nd7 14. h3 Kh7 15.
Rb1 1/2-1/2

[Event "25. Open Pula 2011"]
[Site "Pula CRO"]
[Date "2011.06.21"]
[Round "5.15"]
[White "Sobolevsky, Leonid"]
[Black "Diermair, Andreas"]
[Result "0-1"]
[WhiteElo "2243"]
[BlackElo "2435"]
[PlyCount "40"]
[EventDate "2011.06.18"]
[EventType "swiss"]
[EventRounds "9"]
[EventCountry "CRO"]
[Source "lmi"]
[SourceDate "2011.06.18"]

1. e4 c6 2. d4 d5 3. e5 Bf5 4. Nf3 e6 5. Nc3 Nd7 6. Be2 Ne7 7. Nh4 Bg6 8. g4 c5
9. Nb5 Nc6 10. Nxg6 hxg6 11. c4 a6 12. cxd5 exd5 13. Nc3 cxd4 14. Nb1 Ndxe5 15.
Bf4 Bd6 16. Bg3 Qf6 17. O-O d3 18. Bxd3 Nf3+ 19. Kg2 Bxg3 20. h3 Be5 0-1

[Event "25. Open Pula 2011"]
[Site "Pula CRO"]
[Date "2011.06.21"]
[Round "5.16"]
[White "Jelica, Mara"]
[Black "Genocchio, Daniele"]
[Result "1/2-1/2"]
[WhiteElo "2235"]
[BlackElo "2431"]
[PlyCount "98"]
[EventDate "2011.06.18"]
[EventType "swiss"]
[EventRounds "9"]
[EventCountry "CRO"]
[Source "lmi"]
[SourceDate "2011.06.18"]

1. e4 Nf6 2. e5 Nd5 3. d4 d6 4. c4 Nb6 5. Nf3 g6 6. Nc3 Bg7 7. Be3 O-O 8. h3
dxe5 9. dxe5 Be6 10. c5 Nc4 11. Bxc4 Bxc4 12. Qa4 Be6 13. Rd1 Qc8 14. O-O Nc6
15. Qf4 a5 16. Rfe1 Rd8 17. Qg3 a4 18. Bg5 Rxd1 19. Rxd1 Qf8 20. Be3 a3 21.
bxa3 Rd8 22. Rb1 Rd3 23. Ne2 Qa8 24. Nf4 Bxa2 25. Nxd3 Bxb1 26. Nb4 Be4 27.
Nxc6 Bxc6 28. e6 fxe6 29. Qxc7 Qe8 30. Ne5 Bd5 31. Ng4 h5 32. Ne5 Bf6 33. Nd3
Qa4 34. Nb4 Qxa3 35. Qc8+ Kf7 36. Nxd5 exd5 37. Qxb7 Qa1+ 38. Kh2 Qe5+ 39. g3
d4 40. Bh6 g5 41. c6 Qd5 42. Qc8 h4 43. c7 hxg3+ 44. Kg1 gxf2+ 45. Kxf2 Qa2+
46. Kf3 Qd5+ 47. Kf2 Qa2+ 48. Kf3 Qd5+ 49. Kf2 Qa2+ 1/2-1/2